000 00481nam a22001697a 4500
003 PILC
005 20150112093448.0
008 131018t xxu||||| |||| 00| 0 eng d
020 _a1741032415
050 _aHD 31
_b.C689 2005
100 _aCole, Kris
_929861
245 _aManagement :
_btheory and practice /
_cKris Cole
250 _a3rd ed.
260 _aAustralia ;
_bPearson EDUCATION Australia .
_xyz2005.
300 _a878 pages :
_billustration ;
_c26 cm.
942 _2lcc
_cBK
999 _c15004
_d15004